000 00694nam a2200193 i 4500
001 154872
003 ES-MaACL
005 20230906205902.0
008 040721s1895 fr a |||| | fre d
040 _aCAM
_bspa
_cCAM
100 1 _aGuesviller, Gustave.
_960602
245 1 3 _a[La sourde /
_cpar Gustave Guesviller; illustrations de M. Vauzanges].
260 _a[Paris :
_bMonde Illustré,
_cs.a.]
300 _a16 p. :
_bil. ;
_c31 cm.
594 _aDatos tomados de pag.1.
596 _aPublicado con el nº 1990 de Monde Illustré, de 1895.
700 1 _aVauzanges, Louis-M.
_9133575
852 _aES-MaACL
_jT-779-F-3
_z-- Enc. hol.
_q-- Falto de la port.
_z-- Enc. en un vol. facticio
999 _c154872
_d154872